000 00988nas a2200301 4500
001 BR0204888
003 BR-BrBNA
005 20231205103252.0
007 ta
008 230509b bl.|||p| |||| 00| 00por d
040 _aBR-BrBNA
_bpor
_cBiblioteca Nacional de Agricultura
041 _a(Pt)
072 _aF61
100 1 _aConceição, H.E.O. da
100 1 _aPinto, J.E.B.P.
100 1 _aSantiago, E.J.A. de
100 1 _aGonçalves, A.A. da S.
245 1 _aCrescimento e desenvolvimento de Derris urucu (Killip et Smith)Macbride na ausência de macronutrientes em solução nutritiva
650 _aTIMBÓ
650 _aNUTRIENTE MINERAL
650 _aSOLUÇÃO NUTRITIVA
650 _aABSORÇÃO DE NUTRIENTES
650 _aCRESCIMENTO
650 _aINSETICIDA DE ORIGEM VEGETAL
773 0 _tCiência e Agrotecnologia (Brazil)
_xISSN 1413-7054
_g(May-Jun 2002), v. 26(3) p. 472-479
_wBR0204888
909 _a202311
_bLúcia
_c55
_dLúcia Elande
942 _2AGRIS
_n0
_cANA
999 _c171985
_d171985